Anales de la construcción y de la industria (Record no. 195460)

MARC details
000 -LEADER
campo de control de longitud fija 01979cas a2200481 i 4500
001 - NÚMERO DE CONTROL
campo de control 195460
003 - IDENTIFICADOR DE NÚMERO DE CONTROL
campo de control SpMaBN
005 - FECHA Y HORA DE LA ÚLTIMA TRANSACCIÓN
campo de control 20250827075023.0
007 - CAMPO FIJO DE DESCRIPCIÓN FÍSICA--INFORMACIÓN GENERAL
campo de control de longitud fija co*cg|||||||||
008 - DATOS DE LONGITUD FIJA--INFORMACIÓN GENERAL
campo de control de longitud fija 240614d18761890sp uu sq 0 b0spa
017 ## - NÚMERO DE COPYRIGHT O DE DEPÓSITO LEGAL
Número de copyright o de depósito legal M 50619-2009
Agencia que asigna Oficina Depósito Legal Madrid
017 ## - NÚMERO DE COPYRIGHT O DE DEPÓSITO LEGAL
Número de copyright o de depósito legal M 45528-2009
020 ## - NÚMERO INTERNACIONAL ESTÁNDAR DEL LIBRO
Número Internacional Estándar del Libro 9788477904960
035 ## - NÚMERO DE CONTROL DEL SISTEMA
Número de control de sistema (OCoLC)733127553
035 ## - NÚMERO DE CONTROL DEL SISTEMA
Número de control de sistema a4703285
040 ## - FUENTE DE CATALOGACIÓN
Centro catalogador/agencia de origen SpMaBN
Lengua de catalogación spa
Centro/agencia transcriptor SpMaBN
Normas de descripción rdc
Centro/agencia modificador ES-MaACL
080 ## - NÚMERO DE LA CLASIFICACIÓN DECIMAL UNIVERSAL
Número de la Clasificación Decimal Universal 72
080 ## - NÚMERO DE LA CLASIFICACIÓN DECIMAL UNIVERSAL
Número de la Clasificación Decimal Universal 62
130 0# - ENTRADA PRINCIPAL--TÍTULO UNIFORME
Título uniforme Anales de la construcción y de la industria (Madrid, CD-ROM)
9 (RLIN) 237019
245 10 - MENCIÓN DEL TÍTULO
Título Anales de la construcción y de la industria
Medio [Recurso electrónico]
260 ## - PUBLICACIÓN, DISTRIBUCIÓN, ETC.
Lugar de publicación, distribución, etc. [Madrid]
Nombre del editor, distribuidor, etc. Centro de Estudios Históricos de Obras Públicas y Urbanismo
Fecha de publicación, distribución, etc. D.L. 2009
300 ## - DESCRIPCIÓN FÍSICA
Extensión 1 CD-ROM ;
Dimensiones 12 cm +
Material acompañante/anejo 1 folleto (47 p.)
336 ## - TIPO DE CONTENIDO
Término de tipo de contenido Texto (visual)
Fuente rdacontent
337 ## - TIPO DE MEDIO
Nombre/término del tipo de medio electrónico
Fuente rdamedia
338 ## - TIPO DE SOPORTE
Fuente rdacarrier
Nombre/término del tipo de soporte volumen
362 0# - FECHAS DE PUBLICACIÓN Y/O DESIGNACIÓN SECUENCIAL
Fecha de publicación y/o designación secuencial Año 1, n. 1 (10 abr. 1876)-año 15, n. 24 (25 dic. 1890)
490 0# - MENCIÓN DE SERIE
Mención de serie Documentos para la historia de la ingenieria
580 ## - NOTA DE RELACIÓN COMPLEJA
Nota de relación compleja Reproducción digital de la publicación quincenal: Madrid : Anales de la Construcción y de la Industria, 1876-1890
594 ## - Nota al título y mención de responsabilidad
Nota al título y mención de responsabilidad Título tomado de la pantalla del título
650 #4 - PUNTO DE ACCESO ADICIONAL DE MATERIA--TÉRMINO DE MATERIA
Término de materia o nombre geográfico como elemento de entrada Arquitectura
Fuente del encabezamiento o término embne
9 (RLIN) 9986
650 #7 - PUNTO DE ACCESO ADICIONAL DE MATERIA--TÉRMINO DE MATERIA
Término de materia o nombre geográfico como elemento de entrada Ingeniería
Fuente del encabezamiento o término embne
9 (RLIN) 13767
655 #7 - TERMINO DE INDIZACIÓN--GENERO/FORMA
9 (RLIN) 226866
Datos o término principal de género/forma Revistas
Fuente del término tgfbne
710 2# - ENTRADA AGREGADA--NOMBRE DE ENTIDAD CORPORATIVA
Nombre de entidad corporativa o nombre de jurisdicción como elemento de entrada Centro de Estudios Históricos de Obras Públicas y Urbanismo
9 (RLIN) 2644
775 1# - ENTRADA/ENLACE A OTRA EDICIÓN
Título Anales de la construcción y de la industria (Madrid)
Número de control del registro 111
852 ## - LOCALIZACIÓN
Ubicación ES-MaACL
Ubicación en estantería Rotativo
itemnumber 203526
Número de control de estantería ROT 6/3/25
852 ## - LOCALIZACIÓN
Ubicación ES-MaACL
Ubicación en estantería Despachos-biblioteca
itemnumber 203527
Número de control de estantería FOLL.DB-12
942 ## - ELEMENTOS DE ENTRADA SECUNDARIOS (KOHA)
Fuente del sistema de clasificación o colocación Clasificación decimal universal
Suprimir en OPAC No
956 ## - LOCALIZACIÓN Y ACCESO ELECTRÓNICOS LOCAL (OCLC)
Nombre del host 1 2
980 ## - EQUIVALENCIA O REFERENCIA-CRUZADA-MENCIÓN DE SERIE--NOMBRE DE PERSONA/TÍTULO [LOCAL, CANADÁ]
Nombre de persona M 50619-2009
-- SpMaBN
Numeración BNALCALA
Calificador de atribución AHSCD/2139
Títulos y otros términos asociados al nombre CONSERVACI
Enlace entre campo y número de secuencia 1
Nombre de persona (year)
Enlace entre campo y número de secuencia 0
Nombre de persona 1876-1890
Enlace entre campo y número de secuencia 1.1
Nombre de persona 1876/1890
980 ## - EQUIVALENCIA O REFERENCIA-CRUZADA-MENCIÓN DE SERIE--NOMBRE DE PERSONA/TÍTULO [LOCAL, CANADÁ]
Nombre de persona M 50619-2009
-- SpMaBN
Numeración BNMADRID
Calificador de atribución REVCD/2182
Títulos y otros términos asociados al nombre SALA_SPR
Enlace entre campo y número de secuencia 1
Nombre de persona (year)
Enlace entre campo y número de secuencia 0
Nombre de persona 1876-1890
Enlace entre campo y número de secuencia 1.1
Nombre de persona 1876/1890
Holdings
Estatus retirado Estado de pérdida Fuente del sistema de clasificación o colocación Estado de daño No para préstamo Colección Biblioteca de origen Biblioteca actual Ubicación en estantería Fecha de adquisición Total de préstamos Signatura topográfica completa Código de barras Visto por última vez Precio de reemplazo Tipo de ítem Koha
    Clasificación decimal universal     Periódicos y Revistas Biblioteca del Ateneo de Madrid Biblioteca del Ateneo de Madrid Rotativo 14/06/2024   ROT 6/3/25 101228561 14/06/2024 14/06/2024 Archivo de ordenador en CD-ROM, CD o disquete
    Clasificación decimal universal     Colección de folletos Biblioteca del Ateneo de Madrid Biblioteca del Ateneo de Madrid Despachos-biblioteca 14/06/2024   FOLL.DB-12 101228562 14/06/2024 14/06/2024 Folleto